El origen de la expresión en niños de 3 a 6 años
Сохранить в:
| Главные авторы: | , |
|---|---|
| Формат: | |
| Язык: | испанский |
| Опубликовано: |
Madrid
Cincel
1981
|
| Серии: | Expresión y Escuela. Plástica, 1
|
| Предметы: | |
| Метки: |
Добавить метку
Нет меток, Требуется 1-ая метка записи!
|
MARC
| LEADER | 00000nam a2200000 a 4500 | ||
|---|---|---|---|
| 001 | UCZ7136 | ||
| 003 | CL-VaPUC | ||
| 008 | 951222e19810000SP |||||||||||||||||spa|d | ||
| 020 | |a 8470462660 | ||
| 082 | 0 | 4 | |a 372.5 |b MAR |2 21 |
| 100 | |a Martínez, Elvira |e autora |9 351895 | ||
| 700 | 0 | |a Delgado, Juan |e author |9 351896 | |
| 245 | 1 | 3 | |a El origen de la expresión en niños de 3 a 6 años |
| 300 | |a 168 p | ||
| 942 | |c BK | ||
| 945 | |d 19951222 00:00:00 |a cmena | ||
| 260 | |a Madrid |b Cincel |c 1981 | ||
| 650 | 0 | |a Educación artística |9 269035 | |
| 650 | 0 | |a Artes gráficas |9 265865 | |
| 650 | 0 | |a Niños |9 255605 | |
| 650 | 0 | |a Desarrollo individual |9 307875 | |
| 650 | 0 | |a Métodos de enseñanza |9 270413 | |
| 650 | 0 | |a Expresión |9 340759 | |
| 650 | 0 | |a Creación artística |9 266215 | |
| 583 | |a last modification |c 19951222 00:00:00 |k Rodrigo Vera | ||
| 490 | 0 | |a Expresión y Escuela. Plástica, 1 | |
| 999 | |c 243259 |d 243257 | ||
| 952 | |0 0 |1 0 |4 0 |6 372_500000000000000_MAR_1981 |7 0 |8 A |9 256789 |a BIBEDU |b BIBEDU |d 2019-11-19 |i 1609785 |o 372.5 MAR 1981 |p 1609785 |r 2019-11-19 |w 2019-11-19 |y BK |k EDU | ||
| 952 | |0 0 |1 0 |4 0 |6 372_500000000000000_MAR_1981 |7 0 |8 A |9 256790 |a BIBEDU |b BIBEDU |d 2019-11-19 |i 160824K |o 372.5 MAR 1981 |p 160824K |r 2019-11-19 |w 2019-11-19 |y BK |k EDU | ||
| 952 | |0 0 |1 0 |4 0 |6 372_500000000000000_MAR_1981 |7 0 |8 A |9 256791 |a BIBEDU |b BIBEDU |d 2019-11-19 |i 1609661 |o 372.5 MAR 1981 |p 1609661 |r 2019-11-19 |w 2019-11-19 |y BK |k EDU | ||
| 952 | |0 0 |1 0 |4 0 |6 372_500000000000000_MAR_1981 |7 0 |8 A |9 256792 |a BIBEDU |b BIBEDU |d 2019-11-19 |i 3932494 |o 372.5 MAR 1981 |p 3932494 |r 2019-11-19 |w 2019-11-19 |y BK |k EPE | ||